Social research methods (Record no. 28985)

MARC details
000 -LEADER
fixed length control field 00473nam a2200181Ia 4500
008 - FIXED-LENGTH DATA ELEMENTS--GENERAL INFORMATION
fixed length control field 230917s9999||||xx |||||||||||||| ||und||
020 ## - ISBN
Price RS860
040 ## - CATALOGING SOURCE
-- 251593
Original cataloging agency VIVEKANANDA LIBRARY
041 ## - Language
-- English
082 ## - DDC NUMBER
Classification number 300.72 B846S(4)
100 ## - MAIN ENTRY--PERSONAL NAME
Personal name Bryman, Alan
245 #0 - TITLE STATEMENT
Title Social research methods
250 ## - EDITION STATEMENT
Edition statement 4th ed.
260 ## - PUBLICATION, DISTRIBUTION, ETC. (IMPRINT)
Place of publication, distribution, etc Oxford
Name of publisher, distributor, etc Oxford University Press
Date of publication, distribution, etc 2012
300 ## - PHYSICAL DESCRIPTION
Pages xv, 600 p.
500 ## - GENERAL NOTE
General note 3324 26/11/2018 HBD18/7560 30/11/2018 IHTM (SFS)
942 ## - ADDED ENTRY ELEMENTS (KOHA)
Koha item type Books
Holdings
Withdrawn status Lost status Damaged status Not for loan Location (home branch) Sublocation or collection (holding branch) Shelving location Date acquired Koha issues (times borrowed) Koha full call number Accession No. Koha date last seen Koha item type
        VIVEKANANDA LIBRARY VIVEKANANDA LIBRARY IHTM Library 10/12/2018   300.72 B846S(4) 386061 17/09/2023 Books
        VIVEKANANDA LIBRARY VIVEKANANDA LIBRARY IHTM Library 10/12/2018   300.72 B846S(4) 386062 17/09/2023 Books
        VIVEKANANDA LIBRARY VIVEKANANDA LIBRARY IHTM Library 10/12/2018 1 300.72 B846S(4) 386063 18/10/2023 Books
        VIVEKANANDA LIBRARY VIVEKANANDA LIBRARY IHTM Library 10/12/2018   300.72 B846S(4) 386064 17/09/2023 Books
        VIVEKANANDA LIBRARY VIVEKANANDA LIBRARY IHTM Library 10/12/2018   300.72 B846S(4) 386065 17/09/2023 Books
© Designed and Maintained by Vivekananda Library, MDU Rohtak